| 000 | 00698nam a22002057a 4500 | ||
|---|---|---|---|
| 999 |
_c7577 _d7577 |
||
| 003 | AR-CdUCM | ||
| 008 | 190320b ||||| |||| 00| 0 spa d | ||
| 040 |
_aMUNICIPALIDAD PROVINCIAL DEL CUSCO _cBIBLIOTECA MUNICIPAL DEL CUSCO |
||
| 082 |
_a186 / _bCH31 |
||
| 100 |
_aChavez Peralta, Jorge _921398 |
||
| 245 | _aIdeas fundamentales para el tercer milenio / | ||
| 260 |
_aTrujillo : _c1993 |
||
| 300 |
_a175 paginas ; _c21 cm. |
||
| 505 | _aContenido : Primera parte : Disquisiciones entorno de la verdad -- Segunda parte : En busca del hombre interior ... | ||
| 650 |
_aCosmovision _921399 |
||
| 650 |
_aIdeologia _91078 |
||
| 650 |
_aRazonamiento _920965 |
||
| 942 |
_2ddc _cLIBROS |
||
| 945 | _arah | ||